Democràcia intercultural i ciutat educadora / [equip redactor: Associació GRAMC ; equip coordinador: Rafael Crespo i Carme Vinyoles] Associació GRAMC ; equip coordinador:
ISBN:
84-9803-165-6
Descripción Física:
56 p. : quadres ; 28 cm
Colección:
Guies metodològiques ; 10
MARC
| LEADER | 00000nam a2200000Ia 4500 | ||
|---|---|---|---|
| 001 | 18575 | ||
| 008 | 160829s2006 xx 000 0 cat d | ||
| 020 | |a 84-9803-165-6 | ||
| 080 | |a E-1-279 | ||
| 245 | |a Democràcia intercultural i ciutat educadora / [equip redactor: |b Associació GRAMC ; equip coordinador: |b Rafael Crespo i Carme Vinyoles] | ||
| 260 | |a Barcelona : |b Diputació de Barcelona, |c 2006 | ||
| 300 | |a 56 p. : |b quadres ; |c 28 cm | ||
| 490 | |a Guies metodològiques ; 10 | ||
| 590 | |a Bibliografia | ||
| 650 | 0 | |a Educació intercultural |x Catalunya |9 41487 | |
| 650 | |a Multiculturalisme |x Educació |x Catalunya |9 41488 | ||
| 700 | 1 | |a Crespo, Rafael |e coordinador |9 38062 | |
| 700 | |a Vinyoles, Carme, coord. |9 41490 |e coordinador | ||
| 710 | |a Barcelona (Catalunya : Província). |b Àrea d'Educació |9 8009 | ||
| 901 | |a Arxiu | ||
| 942 | |n 1 |2 udc | ||
| 952 | |0 0 |1 0 |4 0 |6 E1279 |7 1 |9 50227 |a Arxiu |b Arxiu |d 2016-12-01 |l 0 |o E-1-279 |p 18575 |r 2016-12-01 00:00:00 |w 2016-12-01 |y ARXIU | ||
| 999 | |c 54069 |d 54069 | ||